000 00481nam a2200181Ia 4500
005 20250508150538.0
008 008 250505s9999 xx 000 0 hin d
037 _aTextual
040 _aFEDL
_beng
_cFEDL
041 _ahin
_2hin
084 _a808.1, DWI
_qFEDL
100 _aDwivedi Mahavir Prasad
245 0 _aRusagya- ranjan
260 _aBanaras, India
_bShiksha Sadan
_c1947
300 _a112p.
942 _cTEXL
_h808.1, DWI
999 _c1324180
_d1324180